Дело по представлению Полтавского губернатора об усилении полиции в городе Козьмодемьянске для надзора за сплавом леса по реке В...

Доступно только в Электронных читальных залах Найти на картеНа карте
RUSMARC
00004246nmc2a22000003x 450
0013383a7c1-b446-4bb9-85cb-80ac352303f4
00520210511105046.0
100##$a20190527l18761876k l0rusy0189 ca
1010#$arus
102##$aRU
2001#$aДело по представлению Полтавского губернатора об усилении полиции в городе Козьмодемьянске для надзора за сплавом леса по реке Волге
$j9 марта - 30 июня 1876 г.
251##$cДело
300##$aДело
300##$aОриг. заголовок дела: Дело по представлению Казанского губернатора об усилении полиции в городе Козьмодемьянске для надзора за сплавом леса по реке Волге. 9 марта 1876 г. - 30 июня 1876 г
801#0$aRU
$bРГИА
$c20190527
$gRCR
801#1$aRU
$bГлавНИВЦ
$c20190527
$2rusmarc
801#2$aRU
$bПБ им. Б.Н. Ельцина
$c20210511
$gRCR
$2rusmarc
850##$aРГИА
852##$aРГИА
$eФедеральное казенное учреждение "Российский государственный исторический архив" (РГИА)
$j5
937##$hРГИА
$d12316234
$aASBIBLIO_SCAN
462#0$1001d3b54a74-3810-4f12-95f0-d86f2be534cc
$12001
$aДела Департамента полиции исполнительной МВД за 1876 год
$1251
$cОпись
$1852
$j37
$l1876 г.
461#0$10013e300ed0-cd39-49af-8489-5ba5b90fa401
$12001
$aДепартамент полиции исполнительной МВД
$1251
$cФонд
$1852
$j1286
215##$a24 л.
$d36,5х26 см
371##$aДокумент не является опубликованным и широко распространяемым
105##$ay###
1222#$ad
5171#$aДело по представлению Казанского губернатора об усилении полиции в городе Козьмодемьянске для надзора за сплавом леса по реке Волге. 9 марта 1876 г. - 30 июня 1876 г
035##$a3383a7c1-b446-4bb9-85cb-80ac352303f4
856##$uhttp://readingroom.main.prlib.ru/item.aspx?id_node=n164133570&mode=full
Формат отображения